000 00991cam3a220024100 4500
001 lce00589355
008 740801c19671966enka b 000 0 eng
010 _a 66029235 //r87
035 _a(Sirsi) r12449
035 _a(DLC) 66029235 //r87
035 _a(UPRA)lce00589355
050 0 _aQA297
_b.N84 1967
082 _a517/.6
245 0 0 _aNumerical analysis;
_ban introduction.
_cBased on a symposium organized by the Institute of Mathematics and Its Applications, Birmingham, England, 1965. Edited by J. Walsh.
260 _aLondon,
_bAcadmic Press,
_c1967 [c1966]
500 _aBased on a symposium organized by the Institute of Mathematics and its applications.
504 _aIncludes bibliographies.
650 0 _aNumerical analysis.
_6S695.1
700 1 _aWalsh, J. E. (Joan E.).
_qWalsh, J. E. (Joan E.).
_6A67178.1
710 2 _aInstitute of Mathematics and Its Applications.
_6A4292.1
949 _aQA297
_wlcc
_i33729000225198
_mMAIN
_p2500
_tBOOK
_lON-SHELF
004 12449
999 _c145984
_d145984